Computer Fundamentals (Record no. 9102)

MARC details
000 -LEADER
fixed length control field 00386nam a22001457a 4500
003 - CONTROL NUMBER IDENTIFIER
control field OSt
008 - FIXED-LENGTH DATA ELEMENTS--GENERAL INFORMATION
fixed length control field 201117b ||||| |||| 00| 0 eng d
020 ## - INTERNATIONAL STANDARD BOOK NUMBER
International Standard Book Number 9788176567527
100 ## - MAIN ENTRY--PERSONAL NAME
Personal name SINHA, Pradeep K. and SINHA, Priti
245 ## - TITLE STATEMENT
Title Computer Fundamentals
250 ## - EDITION STATEMENT
Edition statement 6th
260 ## - PUBLICATION, DISTRIBUTION, ETC. (IMPRINT)
Place of publication, distribution, etc New Delhi
Name of publisher, distributor, etc BPB Publications
Date of publication, distribution, etc 30 November 2004
650 ## - SUBJECT ADDED ENTRY--TOPICAL TERM
Topical term or geographic name as entry element B.Sc Computer Science
942 ## - ADDED ENTRY ELEMENTS (KOHA)
Source of classification or shelving scheme Dewey Decimal Classification
Koha item type Text Books
Holdings
Withdrawn status Lost status Source of classification or shelving scheme Damaged status Not for loan Collection code Home library Current library Date acquired Source of acquisition Currency Cost, normal purchase price Bill Number Total Checkouts Acc. no. / Barcode Date last seen Date last borrowed Actual Cost, discounted price Bill Date Koha item type
    Dewey Decimal Classification     B.Sc Computer Science PIET NCR College Library PIET NCR College Library 17/11/2020 Kirti Praskshan IN Rupees 396.00 IN256 2 N7 22/03/2021 09/03/2021 265.32 05/08/2020 Reference Books
    Dewey Decimal Classification     B.Sc Computer Science PIET NCR College Library PIET NCR College Library 17/11/2020 Kirti Praskshan IN Rupees 396.00 IN256 9 N8 30/09/2024 10/09/2024 265.32 05/08/2020 Text Books
    Dewey Decimal Classification     B.Sc Computer Science PIET NCR College Library PIET NCR College Library 17/11/2020 Kirti Praskshan IN Rupees 396.00 IN256 7 N9 10/11/2022 21/12/2021 265.32 05/08/2020 Text Books
    Dewey Decimal Classification     B.Sc Computer Science PIET NCR College Library PIET NCR College Library 17/11/2020 Kirti Praskshan IN Rupees 396.00 IN256 8 N10 23/09/2024 10/09/2024 265.32 05/08/2020 Text Books
    Dewey Decimal Classification     B.Sc Computer Science PIET NCR College Library PIET NCR College Library 17/11/2020 Kirti Praskshan IN Rupees 396.00 IN256 10 N11 01/12/2025 28/11/2025 265.32 05/08/2020 Text Books
    Dewey Decimal Classification     B.Sc Computer Science PIET NCR College Library PIET NCR College Library 17/11/2020 Kirti Praskshan IN Rupees 396.00 IN256 9 N12 23/03/2022 14/03/2022 265.32 05/08/2020 Text Books

Design & Developed by: PIET Central Library
R70 Miles Stone Pattikalyana Samalkha Panipat 132102
mail ID :- [email protected], Phone No:- 0180-2569700 Ex.216